Datum a čas kvízu
28.5
Celkem bodů
Celkový počet nahraných bodů na tomto kvízu bez doplňovacích otázek.
1.
Pořadí na kvízu
Konečné umístění týmu na tomto kvízu.
Zaznamenané odpovědi
| # | Otázka | Odpověď | Body | Výsledky |
|---|---|---|---|---|
| 1. | Symbolický poslední vozík s tu... | Lazy | 0 | |
| 2. | Prezident USA v úterý tradičně... | Butter (Máslo), Bread (Chléb) | 0 | |
| 3. | Na televizní obrazovky se vrac... | Hana | 1 | |
| 4. | Podnikatel a vizionář Elon Mus... | TMBK | 1 | |
| 5. | Čeští basketbalisté od minuléh... | Uruguay, Turecko | 1 | |
| 6. | V tomto tématu se podíváme na... | korunní lístek | 1 | |
| 7. | Časopis Květy je zřejmě nejsta... | A | 0 | |
| 8. | Jak se jmenuje tento pilot For... | Daniil Kvjat | 1 | |
| 9. | Z následujících rostlin vybert... | D | 1 | |
| 10. | Zřejmě nejslavnější českou fil... | dědeček vycinkal | 0 |